[Event "BEL-ch op"]
[Site "Westerlo"]
[Date "2010.07.07"]
[Round "5"]
[White "Stynen, Koen"]
[Black "Schrickx, Frank"]
[Result "1/2-1/2"]
[WhiteElo "2016"]
[BlackElo "1896"]
[PlyCount "41"]
[EventDate "2010.07.03"]
[EventType "swiss"]
[EventRounds "9"]
[EventCountry "BEL"]
[SourceTitle "CBM 137 Extra"]
[Source "ChessBase"]
[SourceDate "2010.09.01"]
[SourceVersion "1"]
[SourceVersionDate "2010.09.01"]
[SourceQuality "1"]

1. e4 e5 2. Nf3 Nc6 3. Bb5 a6 4. Ba4 Nf6 5. 0-0 Nxe4 6. d4 b5 7. Bb3 d5 8. dxe5 Be6 9. c3 Be7 10. Nbd2 Nc5 11. Bc2 d4 12. cxd4 Nxd4 13. Nxd4 Qxd4 14. Qe2 0-0 15. Qh5 g6 16. Qe2 Rad8 17. Nf3 Qc4 18. Qxc4 Bxc4 19. Bh6 Bxf1 20. Bxf8 Kxf8 21. Kxf1 1/2-1/2

[Event "BEL-ch op"]
[Site "Westerlo"]
[Date "2010.07.05"]
[Round "3"]
[White "Stynen, Koen"]
[Black "Saligo, Pieter"]
[Result "1/2-1/2"]
[WhiteElo "2016"]
[BlackElo "1882"]
[PlyCount "48"]
[EventDate "2010.07.03"]
[EventType "swiss"]
[EventRounds "9"]
[EventCountry "BEL"]
[SourceTitle "CBM 137 Extra"]
[Source "ChessBase"]
[SourceDate "2010.09.01"]
[SourceVersion "1"]
[SourceVersionDate "2010.09.01"]
[SourceQuality "1"]

1. c4 c6 2. Nc3 d5 3. cxd5 cxd5 4. d4 Nf6 5. Nf3 e6 6. Bf4 Bd6 7. Bxd6 Qxd6 8. e3 0-0 9. Bd3 Nc6 10. Rc1 a6 11. 0-0 e5 12. dxe5 Nxe5 13. Be2 Be6 14. Qd4 Nc6 15. Qh4 Ne7 16. Nd4 Nf5 17. Nxf5 Bxf5 18. Rfd1 Qe6 19. Qd4 Be4 20. f3 Bg6 21. Kf2 Rfe8 22. Bd3 Rad8 23. Bxg6 hxg6 24. g4 g5 1/2-1/2